000 00692nam a2200277Ia 4500
005 20260324144433.0
008 008 260324s9999 xx 000 0 eng d
020 _a9780429024269
037 _aEBOOK
040 _aCRL
040 _beng
040 _cCRL
041 _2eng
041 _aeng
084 _qCRL
100 _aTrudi Laura Darby
_91219319
245 2 _aA Critical, Old-Spelling Edition of William Rowley's A New Wonder, A Woman Never Vexed
260 _bTaylor and Francis
260 _c1988
365 _a
365 _b115
856 _uhttp://www.taylorfrancis.com/books/9780429024269
942 _cEBOOK
999 _c1825936
_d1825936